|
|
|
|
| LEADER |
00000cam a2200000 4500 |
| 001 |
vtls012278910 |
| 003 |
SK-MaSNL |
| 005 |
20260301192846.0 |
| 008 |
250703s2025 xo al f n 000 0 slo |
| 015 |
|
|
|a SNBA2025/09
|
| 020 |
|
|
|a 9788022421188
|q (brožované)
|
| 040 |
|
|
|a SNK
|b slo
|c SNK
|e rda
|
| 041 |
0 |
|
|a slo
|
| 044 |
|
|
|a xo
|c SK
|
| 072 |
|
7 |
|a 614
|x Verejné zdravie a hygiena
|2 konspekt
|
| 072 |
|
7 |
|a 005
|x Manažment. Riadenie
|2 konspekt
|
| 080 |
|
|
|a 614
|2 2011
|
| 080 |
|
|
|a 002+007
|2 2011
|
| 080 |
|
|
|a 005
|2 2011
|
| 080 |
|
|
|a 616-084
|2 2011
|
| 080 |
|
|
|a 616-036.22
|2 2011
|
| 080 |
|
|
|a 613
|2 2011
|
| 080 |
|
|
|a (048.8)
|2 2011
|
| 100 |
1 |
|
|a Moricová, Štefánia,
|d 1954-
|4 aut
|9 164170
|
| 245 |
1 |
0 |
|a Riadenie vo verejnom zdravotníctve
|n 3
|c Štefánia Moricová a kol.
|
| 264 |
|
1 |
|a Bratislava
|b Veda, vydavateľstvo Slovenskej akadémie vied
|c 2025
|
| 300 |
|
|
|a 282 strán
|b grafy, schémy, tabuľky
|c 24 cm
|
| 336 |
|
|
|a text
|b txt
|2 rdacontent
|
| 337 |
|
|
|a bez média
|b n
|2 rdamedia
|
| 338 |
|
|
|a zväzok
|b nc
|2 rdacarrier
|
| 500 |
|
|
|a Obsahuje poznámky pod čiarou
|
| 504 |
|
|
|a Obsahuje bibliografiu za niektorými kapitolami a bibliografické odkazy
|
| 650 |
0 |
7 |
|a verejné zdravotníctvo
|2 SNKPH
|9 1270
|
| 650 |
0 |
7 |
|a Public health
|2 SNKPHeng
|9 270456
|
| 650 |
0 |
7 |
|a Information resources
|2 SNKPHeng
|9 340079
|
| 650 |
0 |
7 |
|a Management
|2 SNKPHeng
|9 265406
|
| 650 |
0 |
7 |
|a Prevention of diseases
|2 SNKPHeng
|9 267625
|
| 650 |
0 |
7 |
|a Epidemiology
|2 SNKPHeng
|9 270713
|
| 650 |
0 |
7 |
|a Occupational health
|2 SNKPHeng
|9 309242
|
| 650 |
0 |
7 |
|a Health policy
|2 SNKPHeng
|9 324887
|
| 650 |
0 |
7 |
|a informačné zdroje
|2 SNKPH
|9 1495
|
| 650 |
0 |
7 |
|a riadenie
|2 SNKPH
|9 924
|
| 650 |
0 |
7 |
|a prevencia ochorení
|2 SNKPH
|9 69501
|
| 650 |
0 |
7 |
|a ochrana zdravia
|2 SNKPH
|9 1135
|
| 650 |
0 |
7 |
|a zdravotná politika
|2 SNKPH
|9 22479
|
| 655 |
|
7 |
|a monografie
|2 SNKPH
|9 70139
|
| 655 |
|
7 |
|a Monographs
|2 SNKPHeng
|9 120675
|
| 700 |
1 |
|
|a Petržalka, Marek
|4 bjd
|9 232784
|
| 700 |
1 |
|
|a Janíková, Jana
|c (typografka)
|4 bkd
|9 252591
|
| 700 |
1 |
|
|a Jankechová, Monika,
|d 1975-
|4 rev
|9 209926
|
| 700 |
1 |
|
|a Klement, Cyril,
|d 1948-
|4 rev
|9 115894
|
| 710 |
2 |
|
|a Slovenská zdravotnícka univerzita v Bratislave.
|b Fakulta verejného zdravotníctva
|4 pbl
|9 123954
|
| 710 |
2 |
|
|a Slovenská akadémia vied
|4 pbl
|9 125200
|
| 852 |
|
|
|a Slovenská národná knižnica
|
| 919 |
|
|
|a 978-80-224-2118-8
|
| 954 |
|
|
|a odborná, vedecká literatúra pôvodná (slovenská)
|2 lita
|
| 958 |
|
|
|a NB
|
| 958 |
|
|
|a MI
|
| 999 |
|
|
|c 875331
|d 877261
|
| 952 |
|
|
|a SNK
|b SNK
|y PREZ
|7 0
|p 17A1580039
|o snkSC 211679
|i snk2025/14170
|8 0
|0 0
|1 0
|4 0
|d 2025-09-08
|l 0
|r 2026-02-24 05:56:11
|w 2026-02-24
|
| 952 |
|
|
|a SNK
|b SNK
|y VYP
|7 0
|p 17A1580292
|o snkSC 211679 D1
|i snk2025/14666
|8 0
|0 0
|1 0
|4 0
|d 2025-09-18
|l 0
|r 2026-02-24 05:56:11
|w 2026-02-24
|